Fruits of worship : (Record no. 1848250)

MARC details
000 -LEADER
fixed length control field 00577cam a2200205 a 4500
003 - CONTROL NUMBER IDENTIFIER
control field OSt
005 - DATE AND TIME OF LATEST TRANSACTION
control field 20260413120020.0
008 - FIXED-LENGTH DATA ELEMENTS--GENERAL INFORMATION
fixed length control field 030103s2003 ii a b 001 0 eng
020 ## - INTERNATIONAL STANDARD BOOK NUMBER
International Standard Book Number 8180280063
040 ## - CATALOGING SOURCE
Transcribing agency HDL
041 ## - LANGUAGE CODE
Language code of sung or spoken text English
082 ## - DEWEY DECIMAL CLASSIFICATION NUMBER
Classification number 294.5 P3
100 1# - MAIN ENTRY--PERSONAL NAME
Personal name Nicholas, Ralph W.
9 (RLIN) 1234729
245 10 - TITLE STATEMENT
Title Fruits of worship :
Remainder of title practical religion in Bengal /
Statement of responsibility, etc. Ralph W. Nicholas.
260 ## - PUBLICATION, DISTRIBUTION, ETC.
Place of publication, distribution, etc. New Delhi :
Name of publisher, distributor, etc. Chronicle Books ;
Date of publication, distribution, etc. 2003.
300 ## - PHYSICAL DESCRIPTION
Extent 248 p.
520 ## - SUMMARY, ETC.
Summary, etc. With reference to Hinduism in West Bengal.
942 ## - ADDED ENTRY ELEMENTS (KOHA)
Source of classification or shelving scheme Colon Classification (CC)
Koha item type Textual
Suppress in OPAC No
Holdings
Withdrawn status Lost status Source of classification or shelving scheme Damaged status Not for loan Home library Current library Date acquired Total Checkouts Date last seen Price effective from Koha item type
    Colon Classification (CC)     Department of History Library Department of History Library 2026-04-13   2026-04-13 2026-04-13 Textual
Copyright @ Delhi University Library System